Taschenbuch Maschinenbau in acht Bänden : Band 1: Einheiten. Mathematik. Physikalische Grundlagen...

Guardado en:
Detalles Bibliográficos
Autores principales: Fritzsch, Wolfgang (Autor), Häussler, Werner (Autor)
Formato: Libro
Lenguaje:alemán
Publicado: Berlin : VEB Verlag Technik, 1983
Edición:1.
Etiquetas: Agregar Etiqueta
Sin Etiquetas, Sea el primero en etiquetar este registro!

MARC

LEADER 00000nam a22000003a 4500
001 stu61088
005 20150617225654.9
008 010827s1983----ge------------------ger-d
040 |a STU  |b slo 
041 0 |a ger 
044 |a ge 
080 |a 621 (031)  |7 stu_us_auth*stu9034 
100 1 |a Fritzsch, Wolfgang  |4 aut 
245 1 |a Taschenbuch Maschinenbau in acht Bänden :  |b Band 1: Einheiten. Mathematik. Physikalische Grundlagen... 
250 |a 1. 
260 |a Berlin :  |b VEB Verlag Technik,  |c 1983 
300 |a 758 s 
700 1 |a Häussler, Werner  |4 aut 
996 |b 284J004615  |c J*77289  |l JJSK  |s A  |a 24  |w stu61088_0001